00788nam a2200253 a 4500001001300000003000900013005001700022008004100039020001000080082001600090100002200106245008000128260004200208300000900250500003500259505001000294650002500304650002600329650003000355902000800385942000700393952011700400999001700517nice12345678IN_TiNIC20260116013513.0050524s1997 dela grp 000 0 eng  ac40000a275.54bGUE aGuerreiro, Fernao aJahangir and the Jesuits With an Account of the Travels of Benedict Goes an aDelhibMunshiram Manoharlal Pubc1997 a287p aincludes index and biblioraphy2 aIndex aChurch-History India aMughal India-Jahangir aJahangir and Christianity bSRS cBK 001040708StackRoom-aHMIbHMId2007-07-19g400.00l0o275.54 GUEp018585r2007-07-19v400.00w2005-05-24yBK c11244d11244